| 000 | 00579nam a2200181 a 4500 | ||
|---|---|---|---|
| 001 | 000034487 | ||
| 005 | 20200930073728.0 | ||
| 008 | 111005s2007 kn 000 0 spa d | ||
| 020 | _a9788479623845 | ||
| 040 |
_aDO-SdBNP _bspa _cBNPHU |
||
| 100 | 1 |
_aIm., Chul-Woo _959928 |
|
| 245 | 1 | 3 |
_aLa habitación roja y otros cuentos / _cIm. Chul-Woo ; traducción Park Chong-Wook, Ana Hernández. |
| 260 |
_aEspaña : _bbEditorial Verbum, _c2007. |
||
| 300 |
_a171 p. ; _c22 cm. |
||
| 490 | 1 |
_aVerbum Narrativa. _aliteratura Coreana |
|
| 830 | 0 |
_aVerbum Narrativa _959929 |
|
| 049 | _aBNPD | ||
| 999 |
_c33978 _d33978 |
||